| 000 | 00579nam a2200217 a 4500 | ||
|---|---|---|---|
| 005 | 20210219152849.0 | ||
| 008 | 991125n 000 0 spa u | ||
| 035 | _aUPN01000063976 | ||
| 100 | _aGUEREÑA, Jean Louis | ||
| 222 | _aREVISTA DE EDUCACION | ||
| 245 | _aAnalfabetismo y alfabetización en España : 1835-1860 | ||
| 300 | _a185-236 | ||
| 362 | _a1989 No. 288, ene.-abr. | ||
| 653 | 0 | _aALFABETIZACION | |
| 653 | 0 | _aANALFABETISMO | |
| 653 | 0 | _aESPAÑA | |
| 653 | 0 | _aESTADISTICAS EDUCATIVAS | |
| 653 | 0 | _aHISTORIA | |
| 904 |
_aAC _b001787 |
||
| 905 | _aArticulo | ||
| 999 |
_c62346 _d62346 |
||